[Event "Tradewise Gibraltar Chess Festival 2013"]
[Site "Gibraltar ENG"]
[Date "2013.01.30"]
[Round "9.83"]
[White "Lee, Kai Jie Edward"]
[Black "Rujan, Rodel-Marinel"]
[Result "0-1"]
[WhiteElo "2164"]
[BlackElo "1759"]
[PlyCount "110"]
[EventDate "2013.01.22"]
[EventType "swiss"]
[EventRounds "10"]
[EventCountry "ENG"]
[Source "lmi"]
[SourceDate "2013.01.22"]

1. e4 d6 2. d4 Nf6 3. Nc3 g6 4. Be3 c6 5. Qd2 Nbd7 6. f3 b5 7. g4 h6 8. h4 Nb6
9. b3 Bg7 10. Nge2 Qc7 11. Rd1 a5 12. d5 b4 13. Bxb6 Qxb6 14. Na4 Qc7 15. dxc6
Qxc6 16. Nd4 Qb7 17. Bg2 Bd7 18. O-O Qa7 19. Kh1 Rc8 20. Nb2 O-O 21. Nc4 Rfd8
22. Qf2 Qc5 23. Ne3 Be8 24. Ne2 Bb5 25. Rd2 Kf8 26. Rfd1 Ba6 27. Nf4 e6 28. Nd3
Qb5 29. Qg3 Qb6 30. Nf1 Bb7 31. Nb2 Nxe4 32. fxe4 Bxb2 33. Rxd6 Rxd6 34. Rxd6
Qc5 35. Qd3 Qf2 36. Rd8+ Kg7 37. Rxc8 Qxh4+ 38. Kg1 Bxc8 39. Qc4 Bb7 40. e5
Bxg2 41. Kxg2 h5 42. gxh5 Qxc4 43. bxc4 gxh5 44. c5 Bxe5 45. Ne3 Kf8 46. Nc4
Bc7 47. Kh3 Ke7 48. c6 e5 49. Kh4 Ke6 50. Kxh5 f5 51. Kg5 Bd8+ 52. Kg6 e4 53.
Ne3 f4 54. Nf5 Ke5 55. Ne7 e3 0-1

[Event "Tradewise Gibraltar Chess Festival 2013"]
[Site "Gibraltar ENG"]
[Date "2013.01.30"]
[Round "9.84"]
[White "Hutton, Jack"]
[Black "Baert, Andy"]
[Result "1-0"]
[WhiteElo "2017"]
[BlackElo "2154"]
[PlyCount "49"]
[EventDate "2013.01.22"]
[EventType "swiss"]
[EventRounds "10"]
[EventCountry "ENG"]
[Source "lmi"]
[SourceDate "2013.01.22"]

1. e4 c5 2. Nc3 e6 3. f4 d5 4. exd5 exd5 5. Bb5+ Nc6 6. Nf3 Nf6 7. Bxc6+ bxc6
8. O-O Be7 9. Ne5 Qc7 10. d3 O-O 11. Na4 Bd6 12. Qe1 Re8 13. Qf2 Ng4 14. Nxg4
Bxg4 15. Qg3 f5 16. h3 Bh5 17. Bd2 Re2 18. Rf2 Rae8 19. Raf1 d4 20. Qg5 g6 21.
Qg3 Rxf2 22. Rxf2 Bd1 23. b3 Bxc2 24. Ba5 Re1+ 25. Bxe1 1-0

[Event "Tradewise Gibraltar Chess Festival 2013"]
[Site "Gibraltar ENG"]
[Date "2013.01.30"]
[Round "9.85"]
[White "Hackner, Oskar A"]
[Black "Walton, Alan J"]
[Result "1-0"]
[WhiteElo "2015"]
[BlackElo "2153"]
[PlyCount "75"]
[EventDate "2013.01.22"]
[EventType "swiss"]
[EventRounds "10"]
[EventCountry "ENG"]
[Source "lmi"]
[SourceDate "2013.01.22"]

1. d4 e6 2. c4 d5 3. Nc3 c6 4. cxd5 exd5 5. Qc2 Bd6 6. Nf3 Ne7 7. Bg5 f6 8. Bh4
Bf5 9. Qb3 b5 10. Bg3 a5 11. a3 Bxg3 12. hxg3 Nd7 13. e3 Nb6 14. Nh4 Be6 15.
Bd3 Kf7 16. Qc2 g6 17. a4 b4 18. Ne2 Qd7 19. Nc1 Qd6 20. Nb3 Nd7 21. Rc1 Kg7
22. Nf3 Ra7 23. Ke2 Bg4 24. Kf1 Bxf3 25. gxf3 Rc8 26. e4 Nf8 27. Qd2 Ng8 28.
Qe3 Re8 29. Kg2 Ne6 30. Rhe1 Nd8 31. g4 Ne6 32. e5 Qd7 33. f4 fxe5 34. Qxe5+
Kf8 35. f5 Ng7 36. Nc5 Qf7 37. Qd6+ Rae7 38. Nd7# 1-0

[Event "Tradewise Gibraltar Chess Festival 2013"]
[Site "Gibraltar ENG"]
[Date "2013.01.30"]
[Round "9.86"]
[White "Nwachukwu, Chino"]
[Black "Jameson, David"]
[Result "0-1"]
[WhiteElo "1962"]
[BlackElo "2143"]
[PlyCount "56"]
[EventDate "2013.01.22"]
[EventType "swiss"]
[EventRounds "10"]
[EventCountry "ENG"]
[Source "lmi"]
[SourceDate "2013.01.22"]

1. e4 e5 2. Nf3 Nc6 3. Bb5 a6 4. Ba4 Nf6 5. O-O Nxe4 6. Re1 Nc5 7. Bxc6 dxc6 8.
Nxe5 Be7 9. d4 Ne6 10. Be3 O-O 11. Qd3 Bd6 12. Nc3 c5 13. Nf3 cxd4 14. Nxd4 Nc5
15. Qe2 Qh4 16. Nf3 Qh5 17. h3 Re8 18. Rad1 Qg6 19. Rd5 h6 20. Nh4 Qf6 21. Qh5
Bd7 22. Red1 Ne4 23. Bd4 Qf4 24. Ne2 Qh2+ 25. Kf1 Qh1+ 26. Ng1 Nd2+ 27. Rxd2
Qxg1+ 28. Kxg1 Re1# 0-1

[Event "Tradewise Gibraltar Chess Festival 2013"]
[Site "Gibraltar ENG"]
[Date "2013.01.30"]
[Round "9.87"]
[White "Lipecki, Alexander"]
[Black "Agbabishvili, Lali"]
[Result "1-0"]
[WhiteElo "2138"]
[BlackElo "1954"]
[PlyCount "67"]
[EventDate "2013.01.22"]
[EventType "swiss"]
[EventRounds "10"]
[EventCountry "ENG"]
[Source "lmi"]
[SourceDate "2013.01.22"]

1. e4 d6 2. Bc4 Nf6 3. d3 c6 4. Bb3 Nbd7 5. Be3 Nc5 6. Bxc5 Qa5+ 7. c3 Qxc5 8.
Ne2 e5 9. Nd2 Qb6 10. O-O Be7 11. Ng3 g6 12. Nc4 Qc7 13. d4 O-O 14. f4 exd4 15.
cxd4 Nxe4 16. Nxe4 d5 17. Ne5 dxe4 18. Qe2 Bf6 19. Qxe4 Bf5 20. Qe3 Rad8 21. h3
h5 22. Rf2 Kg7 23. Rd1 a6 24. g4 hxg4 25. hxg4 Be6 26. Bxe6 Bxe5 27. Bb3 Bd6
28. f5 f6 29. g5 Rh8 30. fxg6 Rdf8 31. gxf6+ Rxf6 32. Rxf6 Kxf6 33. Rf1+ Kxg6
34. Qe6+ 1-0

[Event "Tradewise Gibraltar Chess Festival 2013"]
[Site "Gibraltar ENG"]
[Date "2013.01.30"]
[Round "9.88"]
[White "Becham, Khalid"]
[Black "Valhondo Morales, Ruben"]
[Result "1-0"]
[WhiteElo "1929"]
[BlackElo "2136"]
[PlyCount "73"]
[EventDate "2013.01.22"]
[EventType "swiss"]
[EventRounds "10"]
[EventCountry "ENG"]
[Source "lmi"]
[SourceDate "2013.01.22"]

1. e4 c5 2. Nf3 e6 3. b3 Nc6 4. Bb2 d5 5. e5 d4 6. Bb5 Nge7 7. O-O a6 8. Bxc6+
Nxc6 9. d3 Qc7 10. Qe2 Be7 11. a4 b6 12. Na3 Bb7 13. Rae1 O-O-O 14. Nc4 Kb8 15.
Bc1 Nb4 16. Ng5 Rdf8 17. Ne4 Nd5 18. Bd2 f5 19. Ned6 Bc6 20. Rb1 a5 21. Qe1 g5
22. Nxa5 bxa5 23. Bxa5 Qa7 24. b4 cxb4 25. Bxb4 Kc7 26. Nb5+ Bxb5 27. Bxe7 Nxe7
28. Qb4 Nc8 29. axb5 Rd8 30. Ra1 Qb7 31. Ra6 Rd5 32. b6+ Kc6 33. Qa4+ Rb5 34.
Qc4+ Rc5 35. Qxe6+ Kb5 36. Rfa1 Qxa6 37. Qb3+ 1-0

[Event "Tradewise Gibraltar Chess Festival 2013"]
[Site "Gibraltar ENG"]
[Date "2013.01.30"]
[Round "9.90"]
[White "Jaunooby, Ali R"]
[Black "Fairbairn, Stephen"]
[Result "0-1"]
[WhiteElo "2178"]
[BlackElo "2021"]
[PlyCount "126"]
[EventDate "2013.01.22"]
[EventType "swiss"]
[EventRounds "10"]
[EventCountry "ENG"]
[Source "lmi"]
[SourceDate "2013.01.22"]

1. d4 d6 2. e4 g6 3. c4 e5 4. d5 h5 5. b3 Nh6 6. Nf3 Bg4 7. Nbd2 h4 8. h3 Bh5
9. Be2 Nd7 10. Nf1 Bxf3 11. Bxf3 Be7 12. Nh2 Bg5 13. Bb2 Bf4 14. Nf1 Qg5 15.
Rg1 Ng8 16. Qe2 Qe7 17. g3 hxg3 18. fxg3 Bg5 19. h4 Bh6 20. h5 gxh5 21. Bxh5
Ngf6 22. Bf3 O-O-O 23. Bc1 Rdg8 24. Bxh6 Rxh6 25. Ne3 Rhg6 26. Nf5 Qd8 27. b4
Kb8 28. Rc1 Ng4 29. Rc3 Ndf6 30. c5 Nh6 31. Ne3 Rxg3 32. Rf1 Rg1 33. c6 Nxe4
34. Bxe4 Qh4+ 35. Kd2 Qxe4 36. Rc4 Qh1 37. Rf2 Ra1 38. Rc2 Qe4 39. Qb5 Qd4+ 40.
Ke2 Qb6 41. Qc4 f5 42. Qh4 Ng4 43. Nxg4 Qb5+ 44. Ke3 Qxb4 45. Rxf5 Qd4+ 46. Kf3
Qxd5+ 47. Kf2 Qd4+ 48. Kf3 Rf1+ 49. Rf2 Rxf2+ 50. Qxf2 Qxg4+ 51. Ke3 Qd4+ 52.
Ke2 Qxf2+ 53. Kxf2 bxc6 54. Rf3 a6 55. Rc3 c5 56. Kf3 Kb7 57. Ke4 Kc6 58. Ra3
d5+ 59. Kxe5 Re8+ 60. Kf4 Kb5 61. Rb3+ Kc4 62. Rb7 d4 63. Rxc7 d3 0-1

[Event "Tradewise Gibraltar Chess Festival 2013"]
[Site "Gibraltar ENG"]
[Date "2013.01.30"]
[Round "9.91"]
[White "Iasman, Inna"]
[Black "Weber, Francois"]
[Result "1/2-1/2"]
[WhiteElo "2019"]
[BlackElo "2150"]
[PlyCount "21"]
[EventDate "2013.01.22"]
[EventType "swiss"]
[EventRounds "10"]
[EventCountry "ENG"]
[Source "lmi"]
[SourceDate "2013.01.22"]

1. d4 e6 2. c4 f5 3. g3 c6 4. Bg2 d5 5. Qc2 Bd6 6. Nf3 Nh6 7. Bg5 Qa5+ 8. Bd2
Qd8 9. Bg5 Qa5+ 10. Bd2 Qd8 11. Bg5 1/2-1/2

[Event "Tradewise Gibraltar Chess Festival 2013"]
[Site "Gibraltar ENG"]
[Date "2013.01.30"]
[Round "9.92"]
[White "Spanton, Tim R"]
[Black "Cawley, Paul F"]
[Result "1-0"]
[WhiteElo "2017"]
[BlackElo "2113"]
[PlyCount "109"]
[EventDate "2013.01.22"]
[EventType "swiss"]
[EventRounds "10"]
[EventCountry "ENG"]
[Source "lmi"]
[SourceDate "2013.01.22"]

1. d4 Nf6 2. Nc3 d5 3. Bg5 c6 4. e3 Bf5 5. Bd3 Bg6 6. Nge2 Nbd7 7. O-O e5 8. e4
exd4 9. Nxd4 Qb6 10. Nb3 dxe4 11. Re1 O-O-O 12. Nxe4 Bh5 13. Qd2 Bb4 14. c3 Ne5
15. Be3 Qc7 16. Bd4 Nxd3 17. Qxd3 Nxe4 18. Qh3+ Kb8 19. Qxh5 Rxd4 20. Nxd4 Nf6
21. Qg5 Be7 22. Nf5 h6 23. Qg3 Qxg3 24. Nxg3 Bc5 25. Ne4 Nxe4 26. Rxe4 Rd8 27.
Rae1 Rd2 28. R4e2 Rd3 29. Kf1 a5 30. Re5 b6 31. Ke2 Rd6 32. Rd1 Rf6 33. f3 Kc7
34. Re4 h5 35. a3 Rg6 36. Kf1 Bd6 37. h3 b5 38. c4 b4 39. a4 Rf6 40. b3 g5 41.
Rde1 c5 42. Rd1 Rf5 43. Rd5 Rxd5 44. cxd5 f6 45. Re6 c4 46. bxc4 b3 47. Re3 b2
48. Rb3 Be5 49. c5 Bd4 50. Ke2 f5 51. Kd3 Bxc5 52. Rxb2 g4 53. Rb5 Bb4 54. Rxb4
axb4 55. Kc4 1-0

[Event "Tradewise Gibraltar Chess Festival 2013"]
[Site "Gibraltar ENG"]
[Date "2013.01.30"]
[Round "9.93"]
[White "Baeza Escudero, Javier"]
[Black "Freuler, Roman"]
[Result "1-0"]
[WhiteElo "2009"]
[BlackElo "2098"]
[PlyCount "189"]
[EventDate "2013.01.22"]
[EventType "swiss"]
[EventRounds "10"]
[EventCountry "ENG"]
[Source "lmi"]
[SourceDate "2013.01.22"]

1. d4 Nf6 2. c4 c5 3. d5 b5 4. cxb5 a6 5. bxa6 Bxa6 6. Nc3 g6 7. g3 Bg7 8. Bg2
d6 9. Nf3 O-O 10. O-O Nbd7 11. Nd2 Qa5 12. Nb3 Qb6 13. Re1 Rfb8 14. Qc2 Ne5 15.
Nd2 Nc4 16. b3 Nxd2 17. Bxd2 c4 18. Rab1 cxb3 19. axb3 Ng4 20. Rf1 Rc8 21. h3
Ne5 22. Qe4 f5 23. Qh4 Bf6 24. Na4 Qb5 25. Bg5 Nd7 26. Rfe1 Rab8 27. e4 Qb4 28.
g4 f4 29. Bxf6 exf6 30. g5 f3 31. Bxf3 Ne5 32. Bg2 f5 33. Qg3 Bd3 34. exf5 Bxf5
35. Rbc1 Rxc1 36. Rxc1 Qxb3 37. Nc3 Qa3 38. Ne2 Qxg3 39. Nxg3 Nd3 40. Rd1 Nf4
41. Nxf5 gxf5 42. Bf1 Rb4 43. Rc1 Kg7 44. Rc6 Nxd5 45. Rxd6 Nf4 46. Rf6 Rb1 47.
Rxf5 Nxh3+ 48. Kg2 Nxf2 49. Rxf2 Rd1 50. Kf3 h6 51. gxh6+ Kxh6 52. Rh2+ Kg5 53.
Be2 Rd2 54. Ke3 Rb2 55. Rh5+ Kg6 56. Rc5 Rb4 57. Bc4 Kf6 58. Kf4 Rb6 59. Rf5+
Kg6 60. Bf7+ Kg7 61. Kg5 Rb1 62. Bh5 Rg1+ 63. Bg4 Rg2 64. Rf4 Rb2 65. Rc4 Rb7
66. Bf5 Ra7 67. Rh4 Ra6 68. Rh7+ Kf8 69. Bg6 Ra5+ 70. Kh6 Rb5 71. Rf7+ Kg8 72.
Rc7 Rb8 73. Kg5 Rb6 74. Be4 Kf8 75. Bc6 Rb1 76. Be4 Rb6 77. Kf5 Kg8 78. Bd5+
Kh8 79. Be6 Rb2 80. Kf6 Rf2+ 81. Bf5 Rg2 82. Rc8+ Rg8 83. Rc3 Rf8+ 84. Kg6 Rg8+
85. Kf6 Rf8+ 86. Kg5 Kg7 87. Bg6 Rf1 88. Rc7+ Kg8 89. Bf5 Rg1+ 90. Kf6 Kh8 91.
Rc3 Rg2 92. Rd3 Rg1 93. Rh3+ Kg8 94. Be6+ Kf8 95. Rh8+ 1-0

[Event "Tradewise Gibraltar Chess Festival 2013"]
[Site "Gibraltar ENG"]
[Date "2013.01.30"]
[Round "9.94"]
[White "Canonne, Antoine"]
[Black "Samu, Sorin-Mihai"]
[Result "1/2-1/2"]
[WhiteElo "2002"]
[BlackElo "2095"]
[PlyCount "149"]
[EventDate "2013.01.22"]
[EventType "swiss"]
[EventRounds "10"]
[EventCountry "ENG"]
[Source "lmi"]
[SourceDate "2013.01.22"]

1. e4 Nc6 2. Nc3 e5 3. Bc4 Bc5 4. Qg4 g6 5. Qf3 Nf6 6. Nge2 O-O 7. d3 Nd4 8.
Nxd4 exd4 9. Bg5 Be7 10. Bxf6 Bxf6 11. Nd5 Bg7 12. Qg3 c6 13. Nc7 d5 14. exd5
cxd5 15. Bxd5 Qe7+ 16. Kf1 Be5 17. Re1 Qxc7 18. Qxe5 Qxc2 19. Qxd4 Bf5 20. h4
Rad8 21. Kg1 Qd2 22. Kh2 Qa5 23. Re5 Qa6 24. Qc4 Qf6 25. Rhe1 Qb6 26. Re7 Qd6+
27. R7e5 Kg7 28. g3 Rd7 29. Bg2 Rc7 30. Qf4 Bxd3 31. h5 Bc4 32. h6+ Kg8 33. b3
f6 34. Re7 Qxf4 35. gxf4 Rxe7 36. Rxe7 Bd3 37. Rg7+ Kh8 38. Rxb7 a6 39. b4 g5
40. Kg3 Rd8 41. fxg5 fxg5 42. Bd5 Bf5 43. Bc4 Rc8 44. Bxa6 Rc3+ 45. Kh2 Rh3+
46. Kg2 Rxh6 47. Rb8+ Kg7 48. Be2 Re6 49. Bf3 g4 50. Bd5 Rd6 51. Bc4 h5 52. Rb5
Kf6 53. Kg3 Kg5 54. Bd5 h4+ 55. Kh2 Kf4 56. a4 Bd7 57. Rc5 Bxa4 58. Rc4+ Kg5
59. Rc5 Kf4 60. Rc4+ Ke5 61. Bb7 Bd7 62. Bc8 Bxc8 63. Rxc8 Rd2 64. Kg1 Rd1+ 65.
Kh2 Kf4 66. Rf8+ Ke4 67. Rh8 h3 68. Rg8 Kf3 69. Rf8+ Ke4 70. Rg8 Kf5 71. Rf8+
Kg6 72. Rg8+ Kh5 73. Rh8+ Kg6 74. Rg8+ Kf5 75. Rf8+ 1/2-1/2

[Event "Tradewise Gibraltar Chess Festival 2013"]
[Site "Gibraltar ENG"]
[Date "2013.01.30"]
[Round "9.95"]
[White "Havik, Victor"]
[Black "Skrabakova, Katarina"]
[Result "1-0"]
[WhiteElo "2094"]
[BlackElo "1991"]
[PlyCount "89"]
[EventDate "2013.01.22"]
[EventType "swiss"]
[EventRounds "10"]
[EventCountry "ENG"]
[Source "lmi"]
[SourceDate "2013.01.22"]

1. d4 d5 2. c4 e6 3. Nc3 Nf6 4. cxd5 exd5 5. Bg5 c6 6. e3 Be7 7. Bd3 O-O 8. Qc2
Nbd7 9. Nge2 Re8 10. O-O h6 11. Bf4 Nh5 12. Nxd5 Nxf4 13. Nxe7+ Qxe7 14. Nxf4
Nf6 15. Rfe1 Nd5 16. Nxd5 cxd5 17. Rac1 Be6 18. Qc7 Qb4 19. Qc3 Qb6 20. b4 Rec8
21. Qb2 a5 22. b5 Qd6 23. Rc3 Rxc3 24. Qxc3 Qb4 25. Rc1 Qxc3 26. Rxc3 Rc8 27.
Rxc8+ Bxc8 28. f3 f5 29. Bc2 Kf8 30. Bb3 Be6 31. a4 Ke7 32. h3 Kd6 33. Kf2 g5
34. Kg3 Ke7 35. Bc2 b6 36. Kf2 h5 37. h4 gxh4 38. f4 Kf6 39. Kg1 h3 40. g3 Kg6
41. Kh2 Kh6 42. Kxh3 Bd7 43. Kh4 Be6 44. Bd1 Bf7 45. Bf3 1-0

[Event "Tradewise Gibraltar Chess Festival 2013"]
[Site "Gibraltar ENG"]
[Date "2013.01.30"]
[Round "9.96"]
[White "Onabogun, Kolade"]
[Black "Kandic, Milan"]
[Result "1-0"]
[WhiteElo "1978"]
[BlackElo "2090"]
[PlyCount "135"]
[EventDate "2013.01.22"]
[EventType "swiss"]
[EventRounds "10"]
[EventCountry "ENG"]
[Source "lmi"]
[SourceDate "2013.01.22"]

1. e4 c5 2. Nf3 Nc6 3. c3 e6 4. d4 d5 5. exd5 Qxd5 6. Be3 Nf6 7. c4 Qd8 8. Nc3
cxd4 9. Nxd4 Be7 10. Be2 O-O 11. O-O Nxd4 12. Qxd4 Qxd4 13. Bxd4 Rd8 14. Rfd1
Bd7 15. a3 Bc6 16. Be3 b6 17. b4 Rac8 18. f3 h5 19. Rxd8+ Rxd8 20. Rd1 Rxd1+
21. Bxd1 Nd7 22. Kf2 Ne5 23. Be2 f5 24. h3 h4 25. Nb5 a5 26. Nd4 Bd7 27. f4 Nf7
28. Nc2 axb4 29. axb4 Ba4 30. Bd3 Bd8 31. Nd4 Bd7 32. Nf3 Bc6 33. Nd4 Bd7 34.
c5 bxc5 35. bxc5 Bf6 36. Bb5 Bc8 37. Nc6 e5 38. fxe5 Nxe5 39. Bd4 Nxc6 40. Bxf6
Bd7 41. Bxh4 Kf7 42. Ke3 Ke6 43. Kf4 Kd5 44. Bf2 Ke6 45. Bc4+ Kf6 46. Bh4+ Kg6
47. Bb5 Kh5 48. Bd8 Kg6 49. h4 Kf7 50. h5 Ke8 51. Bh4 Kf7 52. Kg5 Kg8 53. Bg3
Kh7 54. Bd6 Be8 55. g3 Bd7 56. Bf4 Kg8 57. Bxc6 Bxc6 58. Kxf5 Kf7 59. Ke5 Bf3
60. h6 gxh6 61. Bxh6 Ke7 62. Bf4 Kd7 63. Kf5 Ke7 64. g4 Kf7 65. g5 Bh5 66. c6
Bg6+ 67. Ke5 Ke7 68. c7 1-0

[Event "Tradewise Gibraltar Chess Festival 2013"]
[Site "Gibraltar ENG"]
[Date "2013.01.30"]
[Round "9.97"]
[White "Sielicki, Tomasz"]
[Black "Kozarcanin, Sead"]
[Result "0-1"]
[WhiteElo "1969"]
[BlackElo "2090"]
[PlyCount "168"]
[EventDate "2013.01.22"]
[EventType "swiss"]
[EventRounds "10"]
[EventCountry "ENG"]
[Source "lmi"]
[SourceDate "2013.01.22"]

1. d4 d5 2. Bg5 c5 3. dxc5 Nc6 4. e4 d4 5. Nf3 f6 6. Bh4 e5 7. c3 Bxc5 8. b4
Bb6 9. b5 Nce7 10. cxd4 exd4 11. Bc4 Bg4 12. Nbd2 Ng6 13. Qb3 Nh6 14. Bg3 Qe7
15. O-O Nf7 16. h3 Bxf3 17. Nxf3 Nfe5 18. Nxe5 Nxe5 19. Bd5 Rd8 20. f4 Nf7 21.
e5 f5 22. Be1 Bc5 23. Rc1 b6 24. Bc6+ Kf8 25. Kh2 h5 26. Bf2 Rh6 27. Rcd1 h4
28. Qc4 g5 29. Bxd4 Rxd4 30. Rxd4 Nxe5 31. Rd8+ Qxd8 32. fxe5 f4 33. Qc2 Kg7
34. Rd1 Qf8 35. Rd7+ Be7 36. Bd5 f3 37. Bxf3 Qf4+ 38. Kh1 Qxe5 39. Qe4 Qxe4 40.
Bxe4 Re6 41. Bf3 Re1+ 42. Kh2 Kf6 43. Rd1 Re5 44. a4 Re3 45. Kg1 Ra3 46. Kf1
Rxa4 47. Ke2 a6 48. bxa6 Rxa6 49. Bc6 Bc5 50. Kf3 Ra3+ 51. Ke4 Re3+ 52. Kd5 Re2
53. Rf1+ Bf2 54. Bb5 Rb2 55. Bd3 Ke7 56. Kc4 Bg3 57. Rb1 Rxg2 58. Rxb6 Bf2 59.
Ra6 g4 60. hxg4 Rxg4+ 61. Kc3 h3 62. Rh6 Bh4 63. Bf5 h2 64. Bxg4 h1=Q 65. Rh5
Bf6+ 66. Kd3 Qe1 67. Be2 Kd6 68. Rb5 Qf2 69. Rh5 Qd4+ 70. Kc2 Be5 71. Rh6+ Kc5
72. Rh5 Qe3 73. Bd3 Qf2+ 74. Kd1 Kd4 75. Be2 Bf4 76. Rh3 Qg1+ 77. Kc2 Qc1+ 78.
Kb3 Qb1+ 79. Ka3 Bc1+ 80. Ka4 Qa2+ 81. Kb4 Qxe2 82. Ka4 Qa6+ 83. Kb4 Bd2+ 84.
Kb3 Qe6+ 0-1

[Event "Tradewise Gibraltar Chess Festival 2013"]
[Site "Gibraltar ENG"]
[Date "2013.01.30"]
[Round "9.99"]
[White "Compton, Alistair"]
[Black "Rios Gonzalez, Jose Antonio"]
[Result "1/2-1/2"]
[WhiteElo "2087"]
[BlackElo "1990"]
[PlyCount "101"]
[EventDate "2013.01.22"]
[EventType "swiss"]
[EventRounds "10"]
[EventCountry "ENG"]
[Source "lmi"]
[SourceDate "2013.01.22"]

1. e4 e5 2. Nf3 Nc6 3. Nc3 Nf6 4. d4 d6 5. Bb5 exd4 6. Nxd4 Bd7 7. Bxc6 bxc6 8.
O-O Be7 9. f4 O-O 10. h3 c5 11. Nb3 Bc6 12. Re1 Rb8 13. Nd5 Re8 14. c4 Bf8 15.
Nd2 Bxd5 16. exd5 Qd7 17. Rf1 g6 18. f5 Bg7 19. fxg6 fxg6 20. Rb1 Qe7 21. Qf3
Nh5 22. Qd3 Bd4+ 23. Kh1 Qe5 24. Rf3 Qe1+ 25. Nf1 Rf8 26. Be3 Ng3+ 27. Rxg3
Rxf1+ 28. Qxf1 Qxg3 29. Bxd4 cxd4 30. Qf3 Qxf3 31. gxf3 Kf7 32. Kg2 Kf6 33. b3
Re8 34. Kf2 d3 35. Rb2 Ke5 36. Ke3 Kf5+ 37. Kxd3 Kf4 38. c5 Re3+ 39. Kc4 a6 40.
b4 Ra3 41. b5 axb5+ 42. Kxb5 Rc3 43. cxd6 cxd6 44. Rb4+ Ke5 45. a4 Rxf3 46. a5
Rxh3 47. a6 Rf3 48. a7 Rf8 49. Kc6 Rc8+ 50. Kb7 Rf8 51. Rc4 1/2-1/2

[Event "Tradewise Gibraltar Chess Festival 2013"]
[Site "Gibraltar ENG"]
[Date "2013.01.30"]
[Round "9.100"]
[White "Christiansmeier, Sven"]
[Black "Tranter, Stephen"]
[Result "1-0"]
[WhiteElo "2051"]
[BlackElo "1938"]
[PlyCount "59"]
[EventDate "2013.01.22"]
[EventType "swiss"]
[EventRounds "10"]
[EventCountry "ENG"]
[Source "lmi"]
[SourceDate "2013.01.22"]

1. d4 Nf6 2. Nf3 b6 3. Bg5 Bb7 4. e3 Ne4 5. Bh4 h6 6. Nbd2 g5 7. Nxe4 gxh4 8.
Bd3 d5 9. Ned2 Nd7 10. Qe2 e6 11. e4 c6 12. exd5 cxd5 13. Ne5 Nxe5 14. Qxe5 Rg8
15. Bb5+ Ke7 16. Qf4 Qd6 17. Qxh4+ f6 18. c3 Rxg2 19. O-O-O Bc6 20. Bf1 Rg8 21.
Bh3 Be8 22. Rde1 Bf7 23. f4 Rc8 24. Re3 Bg7 25. Bxe6 Bxe6 26. f5 Kd8 27. Rxe6
Qb4 28. Qg3 Kd7 29. Kb1 Qf8 30. Qf3 1-0

[Event "Tradewise Gibraltar Chess Festival 2013"]
[Site "Gibraltar ENG"]
[Date "2013.01.30"]
[Round "9.101"]
[White "Tuchtfeld, Juergen"]
[Black "Dimitrijevic, Dragan"]
[Result "1/2-1/2"]
[WhiteElo "2051"]
[BlackElo "1896"]
[PlyCount "129"]
[EventDate "2013.01.22"]
[EventType "swiss"]
[EventRounds "10"]
[EventCountry "ENG"]
[Source "lmi"]
[SourceDate "2013.01.22"]

1. c4 g6 2. g3 Bg7 3. Bg2 Nf6 4. e4 O-O 5. Ne2 c5 6. O-O Nc6 7. Nbc3 d6 8. h3
Bd7 9. d3 a6 10. a3 Rb8 11. Rb1 b5 12. cxb5 axb5 13. b4 cxb4 14. axb4 Ne8 15.
Be3 Qc8 16. Kh2 Nxb4 17. Rxb4 Bxc3 18. Nxc3 Qxc3 19. Rb3 Qc7 20. Bh6 Ng7 21.
Qa1 e5 22. Ra3 b4 23. Rc1 Qd8 24. Ra7 Ra8 25. Rb1 Rb8 26. d4 Qe7 27. Qa5 b3 28.
Qa3 exd4 29. Rxb3 Rxb3 30. Qxb3 Rd8 31. Qd5 Ne6 32. f4 Qf6 33. e5 Qf5 34. g4
Qc2 35. Ra2 Qc5 36. f5 Qxd5 37. Bxd5 Nc7 38. Bxf7+ Kxf7 39. e6+ Bxe6 40. fxe6+
Kxe6 41. Kg3 Rd7 42. Kf3 Kd5 43. Ra7 Rf7+ 44. Ke2 Ke4 45. Bd2 d3+ 46. Ke1 Kd5
47. Ba5 Kc6 48. Kd2 h5 49. gxh5 gxh5 50. Ke3 Rg7 51. Ke4 Re7+ 52. Kxd3 d5 53.
Bd2 d4 54. Bg5 Rd7 55. Bf4 Ne6 56. Rxd7 Kxd7 57. Be5 Kc6 58. Ke4 Kc5 59. Kf5
Kd5 60. Bxd4 Nxd4+ 61. Kg5 Nf3+ 62. Kxh5 Ng1 63. h4 Nf3 64. Kg4 Nxh4 65. Kxh4
1/2-1/2

[Event "Tradewise Gibraltar Chess Festival 2013"]
[Site "Gibraltar ENG"]
[Date "2013.01.30"]
[Round "9.102"]
[White "Openshaw, David K"]
[Black "Byrn, Carsten"]
[Result "1-0"]
[WhiteElo "1923"]
[BlackElo "2114"]
[PlyCount "77"]
[EventDate "2013.01.22"]
[EventType "swiss"]
[EventRounds "10"]
[EventCountry "ENG"]
[Source "lmi"]
[SourceDate "2013.01.22"]

1. e4 c5 2. Nf3 Nc6 3. d4 cxd4 4. Nxd4 Nf6 5. Nc3 d6 6. Bg5 e6 7. Qd2 a6 8. f3
Bd7 9. O-O-O h6 10. Be3 h5 11. Kb1 Qc7 12. Nxc6 Bxc6 13. Ne2 b5 14. Nd4 Bb7 15.
g3 Be7 16. Bg2 Nd7 17. Bg5 Ne5 18. Bxe7 Qxe7 19. Rhe1 O-O-O 20. Qb4 Qc7 21. Bf1
Nc6 22. Nxc6 Qxc6 23. Rd3 Kb8 24. Rc3 Qb6 25. a4 d5 26. axb5 dxe4 27. fxe4 Rd4
28. Qc5 Qxc5 29. Rxc5 axb5 30. Rxb5 Kc7 31. Bd3 h4 32. g4 Rhd8 33. Rh5 Ra8 34.
Rxh4 Rda4 35. Kc1 Ra1+ 36. Kd2 Rxe1 37. Kxe1 Kd6 38. Kd2 Ke5 39. g5 1-0

[Event "Tradewise Gibraltar Chess Festival 2013"]
[Site "Gibraltar ENG"]
[Date "2013.01.30"]
[Round "9.103"]
[White "Zanetti, Bruno"]
[Black "Othman, Mustapha"]
[Result "1-0"]
[WhiteElo "2030"]
[BlackElo "1878"]
[PlyCount "137"]
[EventDate "2013.01.22"]
[EventType "swiss"]
[EventRounds "10"]
[EventCountry "ENG"]
[Source "lmi"]
[SourceDate "2013.01.22"]

1. d4 Nf6 2. c4 e6 3. Nc3 d5 4. Bg5 Be7 5. e3 h6 6. Bh4 c5 7. dxc5 Qa5 8. Nf3
Qxc5 9. cxd5 exd5 10. Qd4 Qxd4 11. Nxd4 Nc6 12. Bxf6 Bxf6 13. Nxd5 Bxd4 14.
exd4 Nxd4 15. O-O-O Ne6 16. Bb5+ Kf8 17. Rhe1 g6 18. f4 b6 19. g4 Bb7 20. f5
Bxd5 21. Rxd5 Nc7 22. Bc6 Nxd5 23. Bxa8 Nb4 24. Re4 Nd3+ 25. Kd2 Nc5 26. Rd4
Ke7 27. Bd5 Kf6 28. fxg6 Ke5 29. Bxf7 Kxd4 30. g7 Ne4+ 31. Ke2 Rc8 32. g8=Q
Rxg8 33. Bxg8 Nf6 34. Be6 Ke5 35. Bc8 Kf4 36. h3 Nd5 37. a3 Ne7 38. Bd7 Ng6 39.
Kd2 Ke5 40. Kc3 Nf4 41. h4 Ng6 42. h5 Nf4 43. Kc4 Nd5 44. Kb5 Kd6 45. Bf5 Nc7+
46. Kc4 Ke5 47. a4 Nd5 48. Kb5 Ne7 49. Ka6 Nc6 50. Kb7 Kd6 51. g5 hxg5 52. h6
Nd8+ 53. Kxa7 Nf7 54. h7 Kc5 55. Ka6 Nh8 56. a5 bxa5 57. Kxa5 Kc6 58. Kb4 Kd5
59. Kb5 Ke5 60. Bh3 Kf4 61. Kc6 g4 62. Bg2 Kg5 63. b4 Kf6 64. b5 Kg7 65. b6 Nf7
66. Kc7 Ng5 67. h8=Q+ Kxh8 68. b7 Ne6+ 69. Kd6 1-0

[Event "Tradewise Gibraltar Chess Festival 2013"]
[Site "Gibraltar ENG"]
[Date "2013.01.30"]
[Round "9.104"]
[White "Reppen, Ellisiv"]
[Black "Reid, Vaness"]
[Result "1-0"]
[WhiteElo "2005"]
[BlackElo "1844"]
[PlyCount "57"]
[EventDate "2013.01.22"]
[EventType "swiss"]
[EventRounds "10"]
[EventCountry "ENG"]
[Source "lmi"]
[SourceDate "2013.01.22"]

1. e4 c6 2. d4 d5 3. Nc3 dxe4 4. Nxe4 Bf5 5. Ng3 Bg6 6. Nf3 Nd7 7. Bd3 e6 8.
O-O Qc7 9. Re1 Ngf6 10. a3 Be7 11. c4 Rd8 12. Bxg6 hxg6 13. Qe2 O-O 14. b4 Rfe8
15. Bb2 a5 16. Bc3 a4 17. Rac1 Qb8 18. Ne5 Nxe5 19. dxe5 Nd7 20. Qg4 Nf8 21. h4
f5 22. exf6 gxf6 23. h5 g5 24. h6 Qf4 25. Qh5 Qh4 26. Qxh4 gxh4 27. Nh5 f5 28.
Ng7 Bg5 29. Nxe8 1-0